|
|
|
|
| LEADER |
00000nab a2200000 a 4500 |
| 001 |
vtls000430953 |
| 003 |
SK-MaSNL |
| 005 |
20260303130424.0 |
| 008 |
120925c1991 xo 0 slo |
| 015 |
|
|
|a SNBRB19rr/mm-uuuuu
|
| 035 |
|
|
|a CL0431081
|
| 040 |
|
|
|a SNKBUCL
|b slo
|c SNKBUCL
|e AACR2
|
| 041 |
0 |
|
|a slo
|
| 044 |
|
|
|a xo
|c SK
|
| 080 |
|
|
|a 82:061.7:06.063:82.085
|2 1981
|
| 080 |
|
|
|a 061.7
|2 1981
|
| 080 |
|
|
|a 06.063
|2 1981
|
| 080 |
|
|
|a 82.085
|2 1981
|
| 100 |
1 |
|
|a Čergovská, Marica
|4 aut
|9 960542
|
| 245 |
1 |
0 |
|a Nezažiaril, no predsa
|b Po 37. ročníku Hviezdoslavovho Kubína
|c Marica Čergovská
|
| 650 |
0 |
7 |
|a recitácie
|2 snkbucl
|9 31371
|
| 650 |
0 |
7 |
|a Hviezdoslavov Kubín 1991
|2 snkbucl
|9 1145792
|
| 651 |
|
7 |
|a 5303
|2 snkbucl
|9 279237
|
| 655 |
|
7 |
|a články z novín a časopisov
|2 snkbucl
|9 267496
|
| 655 |
|
7 |
|a články z odboru literárna veda a krásna literatúra
|2 snkbucl
|9 770045
|
| 773 |
0 |
|
|t Slovenský denník
|g Roč. 2, č. 231 (2. 10. 1991), s. 5
|
| 850 |
|
|
|a Slovenská národná knižnica v Martine
|a MTA001
|
| 852 |
|
|
|a SNK
|b KIS3GCP
|
| 958 |
|
|
|a RK
|
| 958 |
|
|
|a LX
|
| 992 |
|
|
|a RBX
|
| 999 |
|
|
|c 1940621
|d 1942551
|